000 00754nam a2200277Ia 4500
005 20260324113431.0
008 008 260324s9999 xx 000 0 eng d
020 _a9781003311553
037 _aEBOOK
040 _aCRL
040 _beng
040 _cCRL
041 _2eng
041 _aeng
084 _qCRL
100 _aColin Reilly; Feliciano Chimbutane; John Clegg; Casmir Rubagumya; Elizabeth J. Erling
_91146759
245 0 _aMultilingual Learning: Assessment, Ideologies and Policies in Sub-Saharan Africa
260 _bTaylor and Francis
260 _c2023
365 _a
365 _b230
856 _uhttp://www.taylorfrancis.com/books/9781003311553
942 _cEBOOK
999 _c1736404
_d1736404